Orientálcova vzpoura (a další texty z let 2003-2011)

Guardado en:
Detalles Bibliográficos
Autor principal: Barša, Pavel
Formato: Libro
Lenguaje:checo
Publicado: Praha Dokořán 2011
Colección:Edice Bod
Materias:
Etiquetas: Agregar Etiqueta
Sin Etiquetas, Sea el primero en etiquetar este registro!

MARC

LEADER 00000nam a2200000 4500
001 0242414
005 20240313090217.1
020 |a 978-80-7363-374-5 
020 |a 978-80-86506-94-4 
041 0 |a cze 
044 |a CZ 
245 1 0 |a Orientálcova vzpoura  |b (a další texty z let 2003-2011)  |c Pavel Barša 
264 1 |a Praha  |b Dokořán  |c 2011 
300 |a 326 s. 
490 1 |a Edice Bod 
830 0 |a Edice Bod 
610 2 0 |a menšiny národnostné 
610 2 0 |a národnosti 
610 2 0 |a multikulturalizmus 
610 2 0 |a neokonzervativizmus 
610 2 0 |a liberalizmus 
610 2 0 |a politika národnostná 
610 2 0 |a politika medzinárodná 
610 2 0 |a politika svetová 
610 2 0 |a dejiny 
100 1 |a Barša, Pavel